Statistics for Presidents of Uruguay by Picture

Click here to take the quiz!

General Stats

  • This quiz has been taken 15 times
  • The average score is 29 of 58

Answer Stats

Answer% Correct
José Mujica
100%
Julio María Sanguinetti
100%
Luis Alberto Lacalle
100%
Luis Lacalle Pou
100%
Jorge Batlle
87%
Tabaré Vázquez
87%
José Batlle y Ordóñez
80%
Lorenzo Batlle y Grau
80%
Fructuoso Rivera
73%
Juan Idiarte Borda
73%
Juan María Bordaberry
73%
Luis Batlle Berres
73%
Manuel Oribe
73%
Pedro Varela
67%
Baltasar Brum
60%
Bernardo Prudencio Berro
60%
Gabriel Terra
60%
Gregorio Conrado Álvarez
60%
Jorge Pacheco Areco
60%
Lorenzo Latorre
60%
Alfredo Baldomir
53%
Juan Lindolfo Cuestas
53%
Máximo Santos
53%
Venancio Flores
53%
Andrés Martínez Trueba
47%
Aparicio Méndez
47%
Claudio Wílliman
47%
Feliciano Viera
47%
José Rondeau
47%
José Serrato
47%
Juan Campisteguy
47%
Julio Herrera y Obes
47%
Máximo Tajes
47%
Óscar Diego Gestido
47%
Alberto Demicheli
40%
Juan Antonio Lavalleja
40%
Juan José de Amézaga
40%
Rafael Addiego Bruno
40%
Duncan Stewart
33%
Francisco Antonino Vidal
33%
Gabriel Antonio Pereira
33%
Joaquín Suárez
33%
José Eugenio Ellauri
33%
Carlos Frederico Lecor
27%
Fernando Otorgués
27%
Juan Francisco Giró
27%
Luis Eduardo Pérez
27%
Manuel Basilio Bustamante
27%
Atanasio Aguirre
20%
Carlos Anaya
20%
Francisco de Paula Magessi Tavares de Carvalho
20%
José María Plá
20%
Miguel Barreiro
20%
Miguel Estanislao Soler
20%
Nicolás Rodríguez Peña
20%
Tomás Berreta Gandolfo
20%
Tomás Gomensoro Albín
20%
Tomás Villalba
20%

Score Distribution

Percentile by Number Answered

Percent of People with Each Score

Your Score History

You have not taken this quiz